| 000 | 00398cam a2200157ua 4500 | ||
|---|---|---|---|
| 082 |
_a621.43 _bGIL/FU |
||
| 100 | _aGill, Paul.W . | ||
| 245 | _aFundamentals of Internal combustion engines / | ||
| 250 | _a4 / | ||
| 260 |
_a : _bOxford & IBH Publishing company , _c1954. |
||
| 300 | _a252 ; . | ||
| 500 | _a* CSS | ||
| 700 | 1 | _aSmith, James.H . | |
| 700 | 1 | _aZiurys, Eugene.J . | |
| 942 | _cBK | ||
| 999 |
_c1345 _d1345 |
||